00847nam a2200241 a 4500001001000000003000500010005001700015008004100032010001100073011001100084020001800095040000900113082001700122245029100139260002400430300001400454650001400468650001100482650004200493650002700535650002300562700002000585000110315CHAP20220817044634.0140814s2013 it |r| ||||||eng d a106777 a107749 a9789251079003 cCHAP04a639.2bF216y10aImplementing improved tenure governance in fisheries :ba technical guide to support the implementation of the voluntary guidelines on the responsible governance of tenute of land, fisheries and forests in the context of national food security. Preliminary version /cpor Lena Westlund. aRoma :bFAO,c2013. aix, 71 p.14aGobierno.14aPesca.14aRecursos naturalesxAdministración.14aSeguridad alimentaria.14aTierrasxTenencia.0 aWestlund, Lena.